logo

Bir Sreshtho Munshi Abdur Rouf Library
Jhenaidah Cadet College

ইতিহাস ও ঐতিহ্য / (Record no. 6851)

MARC details
000 -LEADER
fixed length control field 00652nam a2200205 a 4500
001 - CONTROL NUMBER
JCCL Control Number 6851
003 - CONTROL NUMBER IDENTIFIER
JCCL marc code BD-JhCC
005 - DATE AND TIME OF LATEST TRANSACTION
control field 20180214180711.0
008 - FIXED-LENGTH DATA ELEMENTS--GENERAL INFORMATION
fixed length control field 180131s2007 b ||||| |||| 00| 0 ben d
035 ## - SYSTEM CONTROL NUMBER
system control number (BD-JhCC)
040 ## - CATALOGING SOURCE
Original cataloging agency BD-JhCC
Modifying agency BD-JhCC
041 ## - LANGUAGE CODE
Language code of Book ben
082 ## - DEWEY DECIMAL CLASSIFICATION NUMBER
Classification number 954.92
Author mark and Year AHA 2007
100 ## - MAIN ENTRY--PERSONAL NAME
Personal name আহমদ, সালাহউদ্দীন
245 ## - TITLE STATEMENT
Title ইতিহাস ও ঐতিহ্য /
Statement of responsibility, etc সালাহউদ্দীন আহমদ
260 ## - PUBLICATION, DISTRIBUTION, ETC. (IMPRINT)
Place of publication, distribution, etc ঢাকা :
Name of publisher, distributor, etc মাওলা ব্রাদার্স,
Date of publication, distribution, etc ২০০৭
300 ## - PHYSICAL DESCRIPTION
Pagination 80 p. :
Dimensions 22cm.
650 ## - SUBJECT ADDED ENTRY--TOPICAL TERM
Topical term or geographic name as entry element History and haritage
Geographic subdivision Bangaldesh
942 ## - ADDED ENTRY ELEMENTS (KOHA)
Source of classification or shelving scheme Dewey Decimal Classification
Koha item type Books
Holdings
Source of classification or shelving scheme Damaged status Not for loan Home library Current library Shelving location Cost, normal purchase price Total Checkouts Full call number Barcode Date last seen Copy number Koha item type Date of accession
Dewey Decimal Classification     JCC Rouf Library JCC Rouf Library General Stacks 90.00   954.92 AHA 2007 9457 01/31/2018 C-1 Books  
Dewey Decimal Classification     JCC Rouf Library JCC Rouf Library General Stacks 90.00   954.92 AHA 2007 10464 02/14/2018 C-2 Books 02/14/2018

JCC Library | Contacts | JCC Home

Last Update on 23 September 2017
Copyright @ 2017-2020 JCC Rouf Library
Rouf Library, Jhenidah Cadet College (JCC), Bangladesh